Sports Quiz

Random Sports or Basketball Quiz
Score 0/234 Timer 12:00
0 Plays Today
Years Detroit Pistons % Correct
1981-1982Isiah Thomas
98.4%
1981-1982Isiah Thomas
98.4%
1982-1983Isiah Thomas
98.4%
1982-1983Isiah Thomas
98.4%
1983-1984I. Thomas & K. Tripucka
98.4%
1983-1984Isiah Thomas
98.4%
1983-1984Isiah Thomas
98.4%
1983-1984Isiah Thomas
98.4%
1984-1985Isiah Thomas
98.4%
1984-1985Isiah Thomas
98.4%
1984-1985Isiah Thomas
98.4%
1984-1985Isiah Thomas
98.4%
1985-1986Isiah Thomas
98.4%
1985-1986Isiah Thomas
98.4%
1985-1986Isiah Thomas
98.4%
1986-1987Isiah Thomas
98.4%
1986-1987Isiah Thomas
98.4%
1986-1987Isiah Thomas
98.4%
1987-1988Isiah Thomas
98.4%
1987-1988Isiah Thomas
98.4%
1988-1989Isiah Thomas
98.4%
1988-1989Isiah Thomas
98.4%
1988-1989Isiah Thomas
98.4%
1989-1990Isiah Thomas
98.4%
1989-1990Isiah Thomas
98.4%
1989-1990Isiah Thomas
98.4%
1990-1991Isiah Thomas
98.4%
1990-1991Isiah Thomas
98.4%
1991-1992Isiah Thomas
98.4%
1991-1992Isiah Thomas
98.4%
1992-1993Isiah Thomas
98.4%
1993-1994Isiah Thomas
98.4%
2000-2001Ben Wallace
97.6%
2000-2001Ben Wallace
97.6%
2000-2001B. Wallace & C. Williamson
97.6%
2001-2002Ben Wallace
97.6%
2001-2002Ben Wallace
97.6%
2001-2002Ben Wallace
97.6%
2002-2003Ben Wallace
97.6%
2002-2003Ben Wallace
97.6%
2002-2003Ben Wallace
97.6%
2003-2004Ben Wallace
97.6%
2003-2004Ben Wallace
97.6%
2003-2004Ben Wallace
97.6%
2004-2005Ben Wallace
97.6%
2004-2005Ben Wallace
97.6%
2004-2005Ben Wallace
97.6%
2005-2006Ben Wallace
97.6%
2005-2006Ben Wallace
97.6%
2005-2006Ben Wallace
97.6%
2006-2007Rasheed Wallace
97.6%
2006-2007Rasheed Wallace
97.6%
2007-2008Rasheed Wallace
97.6%
2008-2009Rasheed Wallace
97.6%
2009-2010Ben Wallace
97.6%
2009-2010Ben Wallace
97.6%
2010-2011Ben Wallace
97.6%
2011-2012B. Wallace & J. Maxiell
97.6%
1988-1989Joe Dumars
96.8%
1990-1991Joe Dumars
96.8%
1991-1992Joe Dumars
96.8%
1991-1992Joe Dumars
96.8%
1992-1993Joe Dumars
96.8%
1992-1993Joe Dumars
96.8%
1993-1994Joe Dumars
96.8%
1994-1995Joe Dumars
96.8%
1996-1997Joe Dumars
96.8%
1997-1998Joe Dumars
96.8%
2002-2003Chauncey Billups
96.8%
2003-2004Chauncey Billups
96.8%
2003-2004Chauncey Billups
96.8%
2004-2005Chauncey Billups
96.8%
2004-2005Chauncey Billups
96.8%
2005-2006Chauncey Billups
96.8%
2006-2007Chauncey Billups
96.8%
2006-2007Chauncey Billups
96.8%
2007-2008Chauncey Billups
96.8%
2007-2008Chauncey Billups
96.8%
Years Detroit Pistons % Correct
2002-2003Richard Hamilton
96%
2003-2004Richard Hamilton
96%
2004-2005Richard Hamilton
96%
2005-2006Richard Hamilton
96%
2005-2006Richard Hamilton
96%
2006-2007Richard Hamilton
96%
2007-2008Richard Hamilton
96%
2007-2008Richard Hamilton
96%
2008-2009Richard Hamilton
96%
2009-2010Richard Hamilton
96%
2012-2013Andre Drummond
96%
2013-2014Andre Drummond
96%
2013-2014Andre Drummond
96%
2014-2015Andre Drummond
96%
2014-2015Andre Drummond
96%
2015-2016Andre Drummond
96%
2015-2016Andre Drummond
96%
2015-2016Andre Drummond
96%
2016-2017Andre Drummond
96%
2016-2017Andre Drummond
96%
2016-2017Andre Drummond
96%
2017-2018Andre Drummond
96%
2017-2018Andre Drummond
96%
2017-2018Andre Drummond
96%
2018-2019Andre Drummond
96%
2018-2019Andre Drummond
96%
2018-2019Andre Drummond
96%
2016-2017R. Jackson & I. Smith
95.2%
2017-2018Blake Griffin
95.2%
2017-2018Blake Griffin
95.2%
2018-2019Blake Griffin
95.2%
2018-2019Blake Griffin
95.2%
1981-1982Bill Laimbeer
92.1%
1982-1983Bill Laimbeer
92.1%
1983-1984Bill Laimbeer
92.1%
1983-1984B. Laimbeer & C. Levingston
92.1%
1984-1985Bill Laimbeer
92.1%
1985-1986Bill Laimbeer
92.1%
1985-1986B. Laimbeer & R. Mahorn
92.1%
1986-1987Bill Laimbeer
92.1%
1987-1988Bill Laimbeer
92.1%
1987-1988Bill Laimbeer
92.1%
1988-1989Bill Laimbeer
92.1%
1988-1989Bill Laimbeer
92.1%
2014-2015Reggie Jackson
91.3%
2014-2015Reggie Jackson
91.3%
2015-2016Reggie Jackson
91.3%
2015-2016Reggie Jackson
91.3%
2002-2003Tayshaun Prince
89.7%
2006-2007Tayshaun Prince
89.7%
2009-2010Tayshaun Prince
89.7%
2014-2015Tayshaun Prince
89.7%
2013-2014Josh Smith
88.1%
2013-2014Josh Smith
88.1%
1994-1995Grant Hill
87.3%
1994-1995Grant Hill
87.3%
1995-1996Grant Hill
87.3%
1995-1996Grant Hill
87.3%
1995-1996Grant Hill
87.3%
1995-1996Grant Hill
87.3%
1996-1997Grant Hill
87.3%
1996-1997Grant Hill
87.3%
1996-1997Grant Hill
87.3%
1996-1997Grant Hill
87.3%
1997-1998Grant Hill
87.3%
1997-1998Grant Hill
87.3%
1997-1998Grant Hill
87.3%
1998-1999Grant Hill
87.3%
1998-1999Grant Hill
87.3%
1998-1999Grant Hill
87.3%
1999-2000Grant Hill
87.3%
1999-2000Grant Hill
87.3%
1989-1990Dennis Rodman
84.1%
1990-1991Vinnie Johnson
84.1%
1990-1991Dennis Rodman
84.1%
1991-1992Dennis Rodman
84.1%
1992-1993Dennis Rodman
84.1%
1992-1993Dennis Rodman
84.1%
Years Detroit Pistons % Correct
2000-2001Jerry Stackhouse
84.1%
2000-2001Jerry Stackhouse
84.1%
2001-2002Jerry Stackhouse
84.1%
2001-2002Jerry Stackhouse
84.1%
2014-2015G. Monroe, K. Caldwell-Pope & B. Jennings
81%
2010-2011Greg Monroe
80.2%
2010-2011Greg Monroe
80.2%
2011-2012Greg Monroe
80.2%
2011-2012Greg Monroe
80.2%
2011-2012Greg Monroe
80.2%
2012-2013Greg Monroe
80.2%
2012-2013Greg Monroe
80.2%
2012-2013Greg Monroe
80.2%
2008-2009R. Stuckey & A. Iverson
77.8%
1982-1983Kelly Tripucka
76.2%
1982-1983Kelly Tripucka
76.2%
1985-1986Kelly Tripucka
76.2%
2009-2010Rodney Stuckey
76.2%
2009-2010Rodney Stuckey
76.2%
2010-2011Rodney Stuckey
76.2%
2010-2011Rodney Stuckey
76.2%
2011-2012R. Stuckey & B. Knight
76.2%
1997-1998Bison Dele
72.2%
1999-2000Jerome Williams
70.6%
2013-2014Brandon Jennings
70.6%
1986-1987Adrian Dantley
69.8%
1987-1988Adrian Dantley
69.8%
2008-2009Allen Iverson
69%
1986-1987John Salley
63.5%
1987-1988John Salley
63.5%
1989-1990John Salley
63.5%
1990-1991John Salley
63.5%
1991-1992John Salley
63.5%
2016-2017Tobias Harris
58.7%
1993-1994Lindsey Hunter
53.2%
1998-1999Lindsey Hunter
53.2%
1999-2000Lindsey Hunter
53.2%
1999-2000Lindsey Hunter
53.2%
2015-2016Reggie Bullock
52.4%
2016-2017Reggie Bullock
52.4%
2017-2018Reggie Bullock
52.4%
1993-1994Charles Jones
44.4%
1980-1981John Long
43.7%
1981-1982John Long
43.7%
1994-1995Allan Houston
43.7%
1995-1996Allan Houston
43.7%
2007-2008Antonio McDyess
42.9%
2008-2009Antonio McDyess
42.9%
2018-2019Luke Kennard
40.5%
2012-2013Jose Calderon
37.3%
2012-2013Jose Calderon
37.3%
1994-1995Oliver Miller
34.9%
2010-2011Ben Gordon
34.9%
2011-2012Ben Gordon
34.9%
1993-1994Terry Mills
31%
1994-1995Terry Mills
31%
1980-1981Terry Tyler
27%
1981-1982Terry Tyler
27%
1982-1983Terry Tyler
27%
1984-1985Terry Tyler
27%
1995-1996Theo Ratliff
23%
1996-1997Theo Ratliff
23%
2001-2002Jon Barry
23%
1992-1993Alvin Robertson
22.2%
2013-2014Jonas Jerebko
20.6%
1980-1981Ron Lee
19%
1980-1981Ron Lee
19%
1981-1982Ron Lee
19%
2000-2001Dana Barros
18.3%
1980-1981Phil Hubbard
17.5%
1989-1990Gerald Henderson
17.5%
1999-2000Mikki Moore
15.9%
1997-1998Don Reid
15.1%
1998-1999Don Reid
15.1%
1980-1981Larry Drew
14.3%
1993-1994David Wood
10.3%
1998-1999Jud Buechler
10.3%
2008-2009Arron Afflalo
10.3%
Remove Ads.
Support Sporcle.
Get the best of Sporcle when you Go Orange. This ad-free experience offers more features, more stats, and more fun while also helping to support Sporcle. Thank you for becoming a member.

You're not logged in!

Compare scores with friends on all Sporcle quizzes.
OR
Log In

Show Comments

Extras

Top Quizzes Today


Score Distribution

Your Account Isn't Verified!

In order to create a playlist on Sporcle, you need to verify the email address you used during registration. Go to your Sporcle Settings to finish the process.

Report this User

Report this user for behavior that violates our Community Guidelines.

Details: